[Event "BAN-ch (Women) 38th"]
[Site "Dhaka"]
[Date "2018.08.09"]
[Round "2"]
[White "Marufa Azad, Sukanna"]
[Black "Barnali, Barua"]
[Result "0-1"]
[WhiteElo "1250"]
[BlackElo "1285"]
[PlyCount "123"]
[EventDate "2018.08.08"]
[EventType "swiss"]
[EventRounds "9"]
[EventCountry "BAN"]
[SourceTitle "EXT 2019"]
[Source "ChessBase"]
[SourceDate "2018.10.10"]
[SourceVersion "1"]
[SourceVersionDate "2018.10.10"]
[SourceQuality "1"]

1. e4 e5 2. Nf3 Nc6 3. Bb5 Nf6 4. 0-0 Nxe4 5. d3 Nf6 6. c3 h6 7. Nbd2 Bc5 8. Re1 d6 9. b4 Bb6 10. Nc4 Bg4 11. Nxb6 axb6 12. Bxc6+ bxc6 13. h3 Bh5 14. a4 0-0 15. c4 Re8 16. Re3 d5 17. Qc2 d4 18. Rxe5 Bxf3 19. Rxe8+ Qxe8 20. gxf3 Qe6 21. Kg2 Nh5 22. Qd2 Qg6+ 23. Kh2 Qf5 24. f4 f6 25. h4 Qg4 26. a5 Qxh4+ 27. Kg2 g5 28. axb6 Rxa1 29. b7 Nxf4+ 30. Kf3 Qh3+ 31. Ke4 Qe6+ 32. Kf3 Qe8 33. Bb2 Ra7 34. Bxd4 Rxb7 35. Bxf6 Rxb4 36. Qxb4 Qe2+ 37. Kg3 Kf7 38. Bd4 Qxd3+ 39. Be3 Kg6 40. Qd2 Qxc4 41. Bxf4 gxf4+ 42. Qxf4 Qxf4+ 43. Kxf4 h5 44. Ke4 Kg5 45. Ke5 h4 46. f4+ Kg6 47. Ke6 h3 48. f5+ Kg5 49. f6 h2 50. f7 h1Q 51. f8Q Qd5+ 52. Ke7 Qd6+ 53. Ke8 Qxf8+ 54. Kxf8 c5 55. Ke7 c4 56. Kd7 c3 57. Kxc7 c2 58. Kb6 c1Q 59. Kb5 Kf5 60. Kb4 Ke5 61. Kb5 Kd5 62. Kb6 0-1